| 000 | 00993pam a2200289 a 4500 | ||
|---|---|---|---|
| 999 |
_c1867 _d1867 |
||
| 001 | 1867 | ||
| 003 | BD-JhCC | ||
| 005 | 20171025171636.0 | ||
| 008 | 841213r19851913nyua 001 0aeng | ||
| 020 |
_a0306802325 (pbk.) : _c$12.95 |
||
| 035 | _a(BD-JhCC)1867 | ||
| 040 |
_aDLC _cDLC _dDLC |
||
| 041 | _aeng | ||
| 050 | 0 | 0 |
_aE757 _b.A37 1985 |
| 082 | 0 | 0 |
_a973.91/1/0924 _aB _219 _bROO 1985 |
| 100 | 1 |
_aRoosevelt, Theodore, _d1858-1919. |
|
| 245 | 1 | 0 |
_aTheodore Roosevelt, an autobiography / _cnew introduction by Elting Morison. |
| 260 |
_aNew York : _bDa Capo Press, _c[1985], c1913. |
||
| 300 |
_axvii, 615 p. : _bill. ; _c21 cm. |
||
| 490 | 0 | _aA Da Capo paperback | |
| 500 | _aIncludes index. | ||
| 500 | _aReprint. Originally published: New York : Macmillan, 1913. | ||
| 600 | 1 | 0 |
_aRoosevelt, Theodore, _d1858-1919. |
| 650 | 0 |
_aPresidents _zUnited States _xBiography. |
|
| 856 | 4 | 2 |
_3Publisher description _uhttp://www.loc.gov/catdir/enhancements/fy0831/84029218-d.html |
| 942 |
_2ddc _cBK |
||